000 00651nam a2200181Ia 4500
008 090124s9999 xx 000 0 und d
082 _b128749
100 _aजायस्वाल जयनारायण
245 _a निर्दोष मॉलीश चिकित्सा
250 _a2
260 _c1993
300 _a114
600 _aजायस्वाल जयनारायण
630 _a निर्दोष मॉलीश चिकित्सा
700 _aजायस्वाल जयनारायण
730 _a निर्दोष मॉलीश चिकित्सा
942 _cBOOK
999 _c174838
_d174838